Normal view
MARC view
- Ionescu, Serban
Entry Nombre Personal
001 - NUMERO DE CONTROL
- campo de control: 43754
003 - IDENTIFICADOR DE NUMERO DE CONTROL
- campo de control: MX-MxUPN
005 - FECHA Y HORA DE LA ÜLTIMA TRANSACCIÓN
- campo de control: 20220216081914.0
008 - DATOS DE LONGITUD FIJA
- campo de control de longitud fija: 220216|| aca||aabn | a|a d
040 ## - FUENTE DE CATALOGACIÓN
- Agencia original de catalogación: MX-MxUPN
- Lenguaje de catalogación: spa
- Agencia de transcripción: MX-MxUPN
100 1# - ENCABEZAMIENTO - NOMBRE PERSONAL
- Nombre personal: Ionescu, Serban
670 ## - FUENTE EN LA QUE SE LOCALIZARON DATOS
- Cita de la fuente: Catorce enfoques de la psicopatología, 1994:
- Información localizada: portada (Serban Ionescu)
902 ## - CATALOGADOR
- Catalogador: VRC/160222
